Biodiversity conservation and environmental change : (Registro nro. 20052)

Detalles MARC
000 -CABECERA
Campo de control 01065pam a2200265 i 4500
005 - FECHA Y HORA DE LA ULTIMA TRANSACCION
Campo de control 20200104041801.0
008 - ELEMENTOS DE LONGITUD FIJA—INFORMACION GENERAL
Campo de control 171227s2015 enkab b 001 0 eng d
020 ## - ISBN
ISBN 9780198713034 (pbk.) :
Términos de disponibilidad us 50
040 ## - FUENTE DE CATALOGACIÓN
Agencia catalogadora original StDuBDS
Agencia transcriptora StDuBDS
Agencia Modificadora UkOxU
-- Co-BoIAvH
041 ## - IDIOMA
Código de idioma para texto/pista de sonido o título separado Inglés
042 ## - AUTHENTICATION CODE
Authentication code ukblcatcopy
082 04 - NUMERO DE CLASIFICACION DECIMAL DEWEY
Número de clasificación 333.9516
Número del ítem G48b
100 1# - ASIENTO PRINCIPAL--NOMBRE PERSONAL
Nombre personal Gillson, Lindsey,
Término relacionado autor.
9 (RLIN) 88283
245 10 - MENCION DE TITULO
Título Biodiversity conservation and environmental change :
Parte restante del título using palaeoecology to manage dynamic landscapes in the anthropocene /
Mención de responsabilidad Lindsey Gillson.
260 ## - PUBLICACION, DISTRIBUCION, ETC. (PIE DE IMPRENTA)
Lugar de publicación, distribución, etc. New York:
Nombre del editor, distribuidor, etc. Oxford University Press,
Fecha de publicación, distribución, etc. 2015.
300 ## - DESCRIPCION FISICA
Extensión xiv, 215 páginas :
Otros detalles físicos ilustraciones, mapas ;
Dimensiones 25 centímetros
504 ## - NOTA DE BIBLIOGRAFIA, ETC.
Nota de bibliografía Incluye referencias bibliograficas e índice.
650 #0 - ASIENTO SECUNDARIO DE MATERIA - TERMINO TEMATICO
Término temático o nombre geográfico como elemento de entrada Biodiversity conservation.
9 (RLIN) 88284
650 #0 - ASIENTO SECUNDARIO DE MATERIA - TERMINO TEMATICO
Término temático o nombre geográfico como elemento de entrada Biodiversity conservation
Subdivisión de forma Case studies.
9 (RLIN) 88285
650 #0 - ASIENTO SECUNDARIO DE MATERIA - TERMINO TEMATICO
Término temático o nombre geográfico como elemento de entrada Conservation biology.
9 (RLIN) 1207
650 #0 - ASIENTO SECUNDARIO DE MATERIA - TERMINO TEMATICO
Término temático o nombre geográfico como elemento de entrada Conservation biology
Subdivisión de forma Case studies.
9 (RLIN) 88286
650 #0 - ASIENTO SECUNDARIO DE MATERIA - TERMINO TEMATICO
Término temático o nombre geográfico como elemento de entrada Ecosystem management.
9 (RLIN) 382
650 #0 - ASIENTO SECUNDARIO DE MATERIA - TERMINO TEMATICO
Término temático o nombre geográfico como elemento de entrada Ecosystem management
Subdivisión de forma Case studies.
9 (RLIN) 88288
942 ## - ELEMENTOS ADICIONALES (KOHA)
Sistema de clasificación Dewey Decimal Classification
Tipo de ítem Libro
Existencias
Withdrawn status Lost status Sistema de Clasificación Damaged status No para préstamo Colección Ubicación Permanente Ubicación actual Fecha de adquisición Fuente de Valor Valor Total Checkouts Número topográfico Inventario / Código de Barras Date last seen Date checked out Ejemplar Price effective from Forma de adquisición Tipo de material
    Dewey Decimal Classification     General Bogotá Bogotá 27/12/2017 Compra OUP 59.95 1 LB-333.9516 G48b 043178 24/07/2018 24/07/2018 Ej. 1 27/12/2017 Compra Libro